Inventario de voces

Պահպանված է:
Մատենագիտական մանրամասներ
Հիմնական հեղինակ: Cornejo, Gerardo
Ձևաչափ: Գիրք
Լեզու:Undetermined
Հրապարակվել է: México, Distrito Federal Unison 1992
Խորագրեր:
Ցուցիչներ: Ավելացրեք ցուցիչ
Չկան պիտակներ, Եղեք առաջինը, ով նշում է այս գրառումը!

MARC

LEADER 00000nam a2200000Ia 4500
008 170316s9999 xx 000 0 und d
040 |a cru BVZT 
090 |a 860 C-42i 
100 |a Cornejo, Gerardo 
245 |a Inventario de voces 
260 |a México, Distrito Federal 
260 |b Unison 
260 |c 1992 
300 |a 555 páginas 
650 |a LITERATURA LATINOAMERICANA 
999 |c 8534  |d 8534 
942 |c 15 D  |h 860 C-42i  |2 z